000 01416nam a2200373 a 4500
001 000112857
003 CHAP
005 20220329144325.0
008 170120s2016 mx a fsm |||||||spa d
010 _a109318
011 _a110290
040 _cCHAP
090 _aTesis
100 1 _aValencia Lamas, Enedino
_9131355
245 1 0 _aIndicadores de desarrollo del sector agrícola en México del período (1990-2014) /
_h[En línea]
_cpor Enedino Valencia Lamas.
260 _aChapingo, Méx. :
_bEl autor,
_c2016.
500 _aPara ver el contenido del material haga clic en la liga
502 _aTesis (Ing. en Economía Agrícola) -- UACH. División de Ciencias Económico Administrativas
590 _aE11695DGD
_b10
_c20170208
_lUCH01
_h1029
590 _aE6096MTM
_b05
_c20170207
_lUCH01
_h1436
590 _aE6096MTM
_b05
_c20170207
_lUCH01
_h1440
590 _aE8697GMM
_b05
_c20170120
_lUCH01
_h1322
590 _aE8697GMM
_b05
_c20170120
_lUCH01
_h1324
590 _aE8697GMM
_b05
_c20170201
_lUCH01
_h0902
590 _aE8697GMM
_b05
_c20170206
_lUCH01
_h0945
590 _aE8697GMM
_b05
_c20170207
_lUCH01
_h0921
650 1 4 _aAgricultura
_xAspectos económicos
_zMéxico
_91312
650 1 4 _aDesarrollo agrícola.
_9125465
650 1 4 _aDesarrollo sustentable
_xMéxico.
_932090
856 _aFinding aid
_uhttp://10.13.5.2/tesis/sist112857.pdf
_zTeclea aquí
901 _aBK
942 _cTESIS
942 _n0
999 _c109318
_d109318